书目信息 |
| 题名: |
发育生物学
|
|
| 作者: | 张红卫 主编 | |
| 分册: | ||
| 出版信息: | 北京 高等教育出版社 2018.08 |
|
| 页数: | 318页 | |
| 开本: | 28cm | |
| 丛书名: | ||
| 单 册: | ||
| 中图分类: | Q132 | |
| 科图分类: | ||
| 主题词: | 发育生物学--fa yu sheng wu xue--高等教育--教材 | |
| 电子资源: | ||
| ISBN: | 978-7-04-050152-0 | |
| 000 | 01280nam0 2200277 450 | |
| 001 | 0106081906 | |
| 005 | 20201109091428.18 | |
| 010 | @a978-7-04-050152-0@dCNY45.00 | |
| 100 | @a20181114e20192018em y0chiy50 ea | |
| 101 | 0 | @achi |
| 102 | @aCN@b110000 | |
| 105 | @aa z 001yy | |
| 106 | @ar | |
| 200 | 1 | @a发育生物学@Afa yu sheng wu xue@f张红卫主编 |
| 205 | @a4版 | |
| 210 | @a北京@c高等教育出版社@d2018.08@h2019.12 | |
| 215 | @a318页@c图@d28cm | |
| 300 | @a普通高等教育“十一五”国家级规划教材 | |
| 312 | @a封面英文题名:Developmental biology | |
| 330 | @a本书分为3篇共25章,介绍了发育生物学的基础知识和基本理论,以及发育生物学的最新研究进展。第一篇“发育生物学基础”,讲述细胞命运的决定、细胞分化的分子机制、发育中的信号转导与网络调控、发育生物学模式生物、发育生物学研究技术等内容。第二篇“动物胚胎发育”,介绍从生殖细胞发生开始的整个动物胚胎发育和器官形成等发育事件及其调控原理。第三篇“发育生物学其他研究领域”,主要介绍干细胞生物学、发育机制的进化、发育可塑性与共生、植物的生长发育及发育生物学与癌症等内容。 | |
| 510 | 1 | @aDevelopmental biology@zeng |
| 606 | 0 | @a发育生物学@Afa yu sheng wu xue@x高等教育@j教材 |
| 690 | @aQ132@v5 | |
| 701 | 0 | @a张红卫@Azhang hong wei@c(女,@f1944-)@4主编 |
| 801 | 0 | @aCN@bBJSZM@c20201106 |
| 905 | @b1194080-3@dQ132@e289=4@f4 | |
| 发育生物学/张红卫主编.-4版.-北京:高等教育出版社,2018.08(2019.12) |
| 318页:图;28cm |
| 普通高等教育“十一五”国家级规划教材 |
| ISBN 978-7-04-050152-0:CNY45.00 |
| 本书分为3篇共25章,介绍了发育生物学的基础知识和基本理论,以及发育生物学的最新研究进展。第一篇“发育生物学基础”,讲述细胞命运的决定、细胞分化的分子机制、发育中的信号转导与网络调控、发育生物学模式生物、发育生物学研究技术等内容。第二篇“动物胚胎发育”,介绍从生殖细胞发生开始的整个动物胚胎发育和器官形成等发育事件及其调控原理。第三篇“发育生物学其他研究领域”,主要介绍干细胞生物学、发育机制的进化、发育可塑性与共生、植物的生长发育及发育生物学与癌症等内容。 |
| ● |
| 相关链接 |
|
|
|
|
正题名:发育生物学
索取号:Q132/289=4
 
预约/预借
| 序号 | 登录号 | 条形码 | 馆藏地/架位号 | 状态 | 备注 |
| 1 | 1194080 | 211940809 | 第二样本阅览室/ [索取号:Q132/289=4] | 在馆 | |
| 2 | 1194081 | 211940818 | 第三借阅区/ [索取号:Q132/289=4] | 在馆 | |
| 3 | 1194082 | 211940827 | 第三借阅区/ [索取号:Q132/289=4] | 在馆 | |
| 4 | 1194083 | 211940836 | 第三借阅区/ [索取号:Q132/289=4] | 在馆 |